Ładuje się......

ORU VAZHIYUM KURE NIZHALUKALUM

Opis bibliograficzny
1. autor: RAJALAKSHMI,T.A
Format: Printed Book
Wydane: Thrissur CURRENT BOOKS 1959
Hasła przedmiotowe:
LEADER 00490nam a2200169 4500
020
082 |a 894.812 3 RAJ 
100 |a RAJALAKSHMI,T.A. 
245 |a ORU VAZHIYUM KURE NIZHALUKALUM  |h MALAYALAM 
250
260 |a Thrissur  |b CURRENT BOOKS  |c 1959 
300 |a 187 p  |f PB 
650 |a ORU VAZHIYUM KURE NIZHALUKALUM 
700
942 |c TB 
999 |c 156049  |d 156049 
952 |0 0  |1 0  |4 0  |6 894_812000000000000_3_RAJ  |7 0  |9 169506  |a ORI  |b ORI  |l 0  |o 894.812 3 RAJ  |p ORI4657  |r 2019-10-25  |w 2019-10-25  |y TB